000 00536nam a2200217Ia 4500
003 OSt
005 20220924133050.0
006 a|||||r|||| 00| 0
007 ta
008 220923b |||||||| |||| 00| 0 urd d
024 _a256560
037 _cTextual
040 _aARTS
_cARTS
_burd
041 _2urd
_aurd
082 _aO168,2vN5, L3
100 _aNishat Atiya
_9205553
245 0 _aUrdu drama aur tazziye
260 _c1973
942 _hO168,2vN5, L3
_cTEXL
_2CC
999 _c432465
_d432465